Biblioteca

Sofía de los presagios (Registro nro. 66035)

Detalles MARC
000 -LÍDER
Campo fijo de descripción fija 01786nam a2200301 i 4500
001 - NÚMERO DE CONTROL
Campo de control 768714001
003 - IDENTIFICADOR DEL NÚMERO DE CONTROL
Campo de control CO-MdFUSB
005 - FECHA Y HORA DE LA ULTIMA TRANSACCIÓN
control field 20210824161035.0
007 - CAMPO FIJO DE DESCRIPCIÓN FIJA--INFORMACIÓN GENERAL
Campo fijo de descripción fija ta
008 - ELEMENTOS DE LONGITUD FIJA -- INFORMACIÓN GENERAL
Campo fijo de descripción fija -- Información general 200604t2000 ag |||| |||| 00| 0 spa d
020 ## - NÚMERO INTERNACIONAL NORMALIZADO PARA LIBROS
Número Internacional Normalizado del libro 139789584217400
040 ## - FUENTE DE CATALOGACIÓN
Agencia de catalogación original CO-MdFUSB
Idioma de catalogación spa
Agencia que realiza la transcripción CO-MdFUSB
Agencia que realiza la modificación CO-MdFUSBC
Convenciones de la descripción rda
041 ## - CÓDIGO DE IDIOMA
Código de idioma para texto/pista de sonido o título separado spa
082 ## - NÚMERO DE CLASIFICACIÓN DECIMAL DEWEY
Número de la edición del Dewey 23
Número de clasificación 863.7
Clave de autor-Numero de item B443
100 ## - ASIENTO PRINCIPAL--NOMBRE PERSONAL
Nombre personal Belli, Gioconda.
Término relacionador autor
245 ## - TÍTULO
Título del Material Sofía de los presagios
Mención de responsabilidad, etc. / Gioconda Belli
264 #1 - PRODUCCIÓN, PUBLICACIÓN, DISTRIBUCIÓN, MANUFACTURA, Y COPYRIGHT
Lugar de producción, publicación, distribución, manufactura Argentina :
Nombre del productor, publicador, distribuidor Seix Barral,
Fecha de producción, publicación, distribución, manufactura, o copyright [2000]
264 #4 - PRODUCCIÓN, PUBLICACIÓN, DISTRIBUCIÓN, MANUFACTURA, Y COPYRIGHT
Fecha de producción, publicación, distribución, manufactura, o copyright ©2000
300 ## - DESCRIPCIÓN FÍSICA
Dimensiones 261 páginas ;
Extensión 23 cm
336 ## - TIPO DE CONTENIDO
Fuente rdacontent
Término de tipo de contenido texto
Código de tipo de contenido txt
337 ## - TIPO DE MEDIO
Fuente rdamedia
Nombre del tipo de medio sin mediación
Código del tipo de medio n
338 ## - TIPO DE SOPORTE
Fuente rdacarrier
Nombre del tipo de soporte volumen
Código Tipo de soporte nc
520 ## - NOTA DE RESUMEN, ETC.
Nota de sumario, etc. A la edad de siete años, la pequeña Sofía se pierde entre la gente en medio de una vehemente discusión de sus padres y del desplazamiento atropellado de los gitanos. Aunque el destino le brinda otros padres entrañables y un mundo nuevo, también la enfrenta a muchas situaciones dolorosas y a la prepotencia patriarcal de René, un marido que la encierra y la priva de su libertad.<br/><br/>Protegida por seres dotados de una sabiduría milenaria, la sangre y la rebeldía gitanas de Sofía se imponen a través de rituales y ceremonias antiguas, que la conducen hacia su verdadero origen y a dar, porfin, con el amor de su vida.<br/><br/>Sofía de los presagios nos permite adentrarnos en el mundo mágico de una de las grandes narradoras de nuestro tiempo. Como ya hiciera en La mujer habitada, Gioconda Belli dibuja un personaje femenino fascinante, guiado por su instinto natural, que se perfila como el epicentro de un universo literario cargado de sensualidad, erotismo y feminidad.
563 ## - NOTA DE ENCUADERNACIÓN
Nota de encuadernación Rústico
650 #7 - ASIENTO SECUNDARIO DE MATERIA - TERMINO TEMÁTICO
9 (RLIN) 2265
Término temático o nombre geográfico como elemento de entrada Literatura hispanoamericana
942 ## - TIPO DE MATERIAL (KOHA)
Tipo de Item KOHA Libros General
945 ## - INFORMACIÓN LOCAL DEL REGISTRO
Catalogador Dani
Existencias
Estado de Material Estado de Perdido Forma de Clasificación Estado de Dañado No para Préstamo Colección Biblioteca de Origen Biblioteca Permanente Fecha de Adquisición Área Total de Préstamos Signatura Topográfica Código de Barras Última vez visto Ejemplar/Existencia Fecha de Remplazo Tipo de Material
    Dewey Decimal Classification     Colección General Biblioteca FUSBC Biblioteca FUSBC 04/06/2020 LITERATURA   G 863.7 B443s 2097 04/06/2020 Ej.1 04/06/2020 Libros General

Biblioteca FUSBC | Teléfono: (57+4) 349 88 10 Ext. 141| WhatsApp (+57) 3005338115 
E-mail: biblioteca@unisbc.edu.co | Calle 76 87-14 Robledo Palenque, Medellín, Colombia

Con tecnología Koha